00866 a2200205 45000010006000000050017000060080041000230030015000640400040000790800036001192450093001550200018002482640051002663000019003175050174003360410008005101000018005187000025005368560099005614731220260407155741.0260407a1992 arg spa dAR-UNSa-BCEJYS aAR-UNSa-BCEJYSbspacAR-UNSa-BCEJYS a330.35xCrecimiento económico10aEstabilización y crecimiento en los países en desarrollopun enfoque estructuralista a968-16-3725-9 1aMéxico :bFondo de Cultura Económicac1992 a113 p.c21 cm. a1. El modelo básico - 2. Otros cierres macroeconómicos - 3. El ajuste macroeconómico a corto plazo - 4. Distribución, crecimiento e inflación a mediano plazo.  aspa1 aTaylor, Lance1 aSuárez, Eduardo L.41uhttps://www.biblioeco.unsa.edu.ar/pmb/images/libros/L127473.jpgyImagen de portadaqimage/jpeg